Labor economics / (Registro nro. 11785)

Detalles MARC
000 -LEADER
fixed length control field 00945cam a2200241 a 4500
001 - CONTROL NUMBER
control field 16962934
003 - CONTROL NUMBER IDENTIFIER
control field OSt
005 - DATE AND TIME OF LATEST TRANSACTION
control field 20210524115418.0
008 - FIXED-LENGTH DATA ELEMENTS--GENERAL INFORMATION
fixed length control field 110915s2013 nyua 000 0 eng
020 ## - INTERNATIONAL STANDARD BOOK NUMBER
International Standard Book Number 9780073523200
040 ## - CATALOGING SOURCE
Original cataloging agency DLC
Transcribing agency CO-JMCR
Modifying agency DLC
041 0# - LANGUAGE CODE
Language code of text/sound track or separate title eng
082 04 - DEWEY DECIMAL CLASSIFICATION NUMBER
Classification number 331 /
Item number B734l
Edition number 23
100 1# - MAIN ENTRY--PERSONAL NAME
Personal name Borjas, George J.,
Relator term autor
9 (RLIN) 37814
245 10 - TITLE STATEMENT
Title Labor economics /
Statement of responsibility, etc. George J. Borjas.
250 ## - EDITION STATEMENT
Edition statement 6th editions
260 ## - PUBLICATION, DISTRIBUTION, ETC.
Place of publication, distribution, etc. New York :
Name of publisher, distributor, etc. McGraw-Hill,
Date of publication, distribution, etc. 2013.
300 ## - PHYSICAL DESCRIPTION
Extent xvi, 576 páginas :
Other physical details ilustraciones y gráficas a color ;
Dimensions 25 cm.
505 0# - FORMATTED CONTENTS NOTE
Formatted contents note Introduction to Labor Economics. -- Labor Supply. -- Labor demand. -- Labor market equilibrium. -- Compensating wage differentails. -- The wage structure. -- Labor mobility. -- Labor market discrimination. -- Labor unions. -- incentive pay. -- Unemplyment.
650 14 - SUBJECT ADDED ENTRY--TOPICAL TERM
Topical term or geographic name entry element Labor economics.
9 (RLIN) 37815
650 24 - SUBJECT ADDED ENTRY--TOPICAL TERM
Topical term or geographic name entry element Labor market
Geographic subdivision United States.
9 (RLIN) 37816
942 ## - ADDED ENTRY ELEMENTS (KOHA)
Source of classification or shelving scheme Dewey Decimal Classification
Koha item type Books
Existencias
Withdrawn status Lost status Source of classification or shelving scheme Damaged status Not for loan Home library Current library Shelving location Date acquired Source of acquisition Full call number Barcode Date last seen Copy number Price effective from Koha item type
    Dewey Decimal Classification     Biblioteca Pública José María del Castillo y Rada Biblioteca Pública José María del Castillo y Rada General Stacks 04/15/2018 Donación 331 / B734l 430002738 05/16/2024 Ej.1 03/10/2021 Books